000 004640000a22001690004500
003 MACL
005 20151231132613.0
008 151231b xxu||||| |||| 00| 0 eng d
040 _aMACL
_cMACL
041 _aEnglish
082 _a323.4454/RAO
100 _aRao, B Shiva
_925649
245 _aIndia's Freedom Movement
_bsome notable figures
260 _bOrient Longmans Ltd
_c1972
_aAllahabad
650 _aPolitical Science
_925650
942 _cBK
_k323.445/RAO
_2ddc
999 _c36004
_d36004